[Event "14th Asrian Memorial 2024"]
[Site "Yerevan ARM"]
[Date "2024.04.26"]
[Round "3.6"]
[White "Danielyan, Vahe"]
[Black "Andriasian, Zaven"]
[Result "1-0"]
[WhiteTitle "IM"]
[BlackTitle "GM"]
[WhiteElo "2331"]
[BlackElo "2570"]
[WhiteFideId "13304828"]
[BlackFideId "13302000"]
[EventDate "2024.04.24"]

1. e4 c5 2. Nf3 d6 3. Bb5+ Nc6 4. O-O Bd7 5. Re1 a6 6. Bf1 g6 7. c3 Bg4 8. d4
Bxf3 9. gxf3 Bg7 10. Be3 cxd4 11. cxd4 Nf6 12. Nd2 d5 13. e5 Nd7 14. Qb3 Nb6 15.
a4 a5 16. Bb5 O-O 17. Bxc6 bxc6 18. Rec1 Rc8 19. Rc3 Nd7 20. Rac1 Rb8 21. Qc2 c5
22. f4 Rb4 23. dxc5 d4 24. Rd3 dxe3 25. c6 exf2+ 26. Kf1 Qa8 27. Rxd7 Rxf4 28.
Qc5 Rc8 29. e6 Bf6 30. exf7+ Kg7 31. b3 Rb4 32. Ra7 Qb8 33. c7 Qb6 34. Qxb6 Rxb6
35. Rxa5 Re6 36. Nf3 g5 37. h3 h5 38. Rc4 g4 39. hxg4 hxg4 40. Rb5 g3 41. Rb8
Rd6 42. Rc1 Rdd8 43. Rxc8 Rxc8 44. b4 e5 45. Rc6 Kxf7 46. Nd2 Bh4 47. Kg2 Ke7
48. b5 Kd7 49. Nf3 e4 50. Nxh4 e3 51. Rc2 Rf8 52. Kf1 Kc8 53. b6 Rh8 54. Ke2 Rf8
55. Rc1 Kb7 56. c8=Q+ 1-0

[Event "14th Asrian Memorial 2024"]
[Site "Yerevan ARM"]
[Date "2024.04.26"]
[Round "3.7"]
[White "Pranesh, M"]
[Black "Melkonyan, Arshak"]
[Result "1-0"]
[WhiteTitle "GM"]
[WhiteElo "2538"]
[BlackElo "2170"]
[WhiteFideId "35028600"]
[BlackFideId "13311662"]
[EventDate "2024.04.24"]

1. e4 e6 2. d4 d5 3. Nc3 Nf6 4. e5 Nfd7 5. f4 c5 6. Nf3 Nc6 7. Ne2 a6 8. c3 b5
9. g3 Bb7 10. Bh3 g6 11. O-O cxd4 12. cxd4 h5 13. Ng5 Ne7 14. f5 Nxf5 15. Nf4
Qb6 16. Ngxe6 fxe6 17. Nxg6 Rg8 18. Bxf5 exf5 19. Nh4 Nxe5 20. Qxh5+ Ng6 21.
Re1+ Kd8 22. Nxf5 Be7 23. Nxe7 Nxe7 24. Qh4 Rg7 25. Bg5 Rxg5 26. Qxg5 Qxd4+ 27.
Re3 1-0

[Event "14th Asrian Memorial 2024"]
[Site "Yerevan ARM"]
[Date "2024.04.26"]
[Round "3.8"]
[White "Atoyan, Alberto"]
[Black "Sanikidze, Tornike"]
[Result "0-1"]
[WhiteTitle "CM"]
[BlackTitle "GM"]
[WhiteElo "2243"]
[BlackElo "2453"]
[WhiteFideId "13314831"]
[BlackFideId "13602608"]
[EventDate "2024.04.24"]

1. d4 d6 2. e4 c6 3. Nc3 Qc7 4. f4 e5 5. Nf3 Bg4 6. Be3 Be7 7. Be2 Nd7 8. Qd2
Ngf6 9. h3 Bxf3 10. Bxf3 O-O-O 11. O-O-O Nb6 12. Qe2 Kb8 13. g4 Rhe8 14. g5 Nfd7
15. h4 exd4 16. Bxd4 d5 17. Bxg7 Qxf4+ 18. Kb1 Bf8 19. Bxf8 Nxf8 20. Qf2 Nc4 21.
exd5 Re3 22. dxc6 Rxd1+ 23. Rxd1 Qxf3 24. Qh2+ Qg3 25. Qh1 Rxc3 26. Rd8+ Kc7 27.
Rxf8 Re3 28. Rxf7+ Kb6 29. Rxb7+ Ka6 0-1

[Event "14th Asrian Memorial 2024"]
[Site "Yerevan ARM"]
[Date "2024.04.27"]
[Round "4.1"]
[White "Shahinyan, David"]
[Black "Petrosyan, Manuel"]
[Result "0-1"]
[WhiteTitle "IM"]
[BlackTitle "GM"]
[WhiteElo "2441"]
[BlackElo "2616"]
[WhiteFideId "13304380"]
[BlackFideId "13300857"]
[EventDate "2024.04.24"]

1. e4 c5 2. d4 cxd4 3. Qxd4 Nc6 4. Qd3 Nf6 5. Nc3 e6 6. Bf4 d5 7. O-O-O d4 8.
Nb5 e5 9. Bxe5 Nxe5 10. Qg3 Nfd7 11. f4 a6 12. Nxd4 Nc6 13. Ngf3 Nxd4 14. Nxd4
Qc7 15. e5 g6 16. h4 Bh6 17. Kb1 Nc5 18. h5 Ne6 19. hxg6 hxg6 20. Qa3 Qe7 21.
Qa5 Bd7 22. f5 Nxd4 23. Rxd4 Bxf5 24. e6 Bg7 25. Rxh8+ Bxh8 26. exf7+ Kf8 27.
Rd1 Rc8 28. Bd3 Bxd3 29. Rxd3 Bf6 30. Qd2 Rd8 0-1

[Event "14th Asrian Memorial 2024"]
[Site "Yerevan ARM"]
[Date "2024.04.27"]
[Round "4.2"]
[White "Ohanyan, Emin"]
[Black "Hayrapetyan, Hovik"]
[Result "1/2-1/2"]
[WhiteTitle "GM"]
[BlackTitle "GM"]
[WhiteElo "2488"]
[BlackElo "2432"]
[WhiteFideId "13312022"]
[BlackFideId "13302639"]
[EventDate "2024.04.24"]

1. d4 Nf6 2. Nf3 d5 3. c4 e6 4. Nc3 Bb4 5. Bg5 h6 6. Bxf6 Qxf6 7. e3 O-O 8. Rc1
dxc4 9. Bxc4 c5 10. O-O cxd4 11. Ne4 Qe7 12. a3 Ba5 13. Qxd4 Rd8 14. Qe5 Bb6 15.
g4 Nd7 16. Qg3 Nf6 17. Nxf6+ gxf6 18. Qf4 Kg7 19. Qe4 Qd6 20. Be2 Qd5 21. Qb4
Bd7 22. Rfd1 Qa5 23. Qe7 Bc6 24. b4 Rxd1+ 25. Rxd1 Bd8 26. Qxe6 fxe6 27. bxa5
Bxa5 28. Nd4 Bd5 29. e4 Ba2 30. Nb5 Rd8 31. Rxd8 Bxd8 32. Nxa7 Bb1 33. Bc4 Bxe4
34. Bxe6 Be7 35. Nb5 Bc6 36. a4 1/2-1/2

[Event "14th Asrian Memorial 2024"]
[Site "Yerevan ARM"]
[Date "2024.04.27"]
[Round "4.3"]
[White "Danielyan, Vahe"]
[Black "Davtyan, Artur"]
[Result "1/2-1/2"]
[WhiteTitle "IM"]
[BlackTitle "IM"]
[WhiteElo "2331"]
[BlackElo "2474"]
[WhiteFideId "13304828"]
[BlackFideId "13308327"]
[EventDate "2024.04.24"]

1. e4 c5 2. Nf3 d6 3. Bb5+ Nd7 4. a4 Nf6 5. Nc3 e6 6. a5 a6 7. Be2 Be7 8. O-O
O-O 9. d3 d5 10. exd5 Nxd5 11. Nxd5 exd5 12. d4 c4 13. b3 cxb3 14. c4 dxc4 15.
Bxc4 b5 16. axb6 b2 17. Bxb2 Nxb6 18. Bb3 1/2-1/2

[Event "14th Asrian Memorial 2024"]
[Site "Yerevan ARM"]
[Date "2024.04.27"]
[Round "4.4"]
[White "Aleksandrov, Aleksej"]
[Black "Pranesh, M"]
[Result "0-1"]
[WhiteTitle "GM"]
[BlackTitle "GM"]
[WhiteElo "2438"]
[BlackElo "2538"]
[WhiteFideId "13500139"]
[BlackFideId "35028600"]
[EventDate "2024.04.24"]

1. d4 d5 2. c4 e6 3. Nc3 Nf6 4. cxd5 exd5 5. Bg5 Bb4 6. e3 h6 7. Bxf6 Qxf6 8.
Qa4+ Nc6 9. Nf3 O-O 10. Be2 a6 11. O-O Be6 12. Rfc1 Bd6 13. Qd1 Rae8 14. a3 Nd8
15. b4 c6 16. Na4 g5 17. Nc5 Bc8 18. g3 Qg7 19. Nd3 Bf5 20. Nc5 Re7 21. a4 Bg6
22. b5 axb5 23. axb5 f5 24. bxc6 bxc6 25. Ne5 Bxe5 26. dxe5 Rxe5 27. Bd3 Re7 28.
Qc2 Nf7 29. Bxf5 Bxf5 30. Qxf5 Ne5 31. Qc2 Qf7 32. h3 h5 33. Ra2 d4 34. exd4
Nf3+ 35. Kh1 Nxd4 36. Qb1 Ne2 37. Rxe2 Rxe2 38. Nd3 Rd2 39. Ne1 Rxf2 40. Ng2
Rf1+ 41. Kh2 Rxc1 42. Qxc1 Qd5 43. Qc2 Rf6 44. h4 gxh4 45. Nxh4 Qf7 46. Qc5 Rf2+
47. Kg1 Rf1+ 48. Kg2 Rd1 49. Qg5+ Kh7 0-1

[Event "14th Asrian Memorial 2024"]
[Site "Yerevan ARM"]
[Date "2024.04.27"]
[Round "4.5"]
[White "Sanikidze, Tornike"]
[Black "Davtyan, Arsen"]
[Result "0-1"]
[WhiteTitle "GM"]
[BlackTitle "IM"]
[WhiteElo "2453"]
[BlackElo "2421"]
[WhiteFideId "13602608"]
[BlackFideId "13309315"]
[EventDate "2024.04.24"]

1. e4 e5 2. Nf3 Nc6 3. Bb5 a6 4. Ba4 Nf6 5. Bxc6 dxc6 6. d3 Bd6 7. O-O Be6 8.
Nc3 Qe7 9. Ng5 Bg4 10. f3 Bh5 11. Nh3 h6 12. Ne2 g5 13. Nf2 Bc5 14. Qe1 Bg6 15.
Ng3 g4 16. f4 h5 17. fxe5 Qxe5 18. c3 h4 19. Ne2 g3 20. d4 gxf2+ 21. Qxf2 Ng4
22. Bf4 Qe6 23. Qe1 Bb6 24. h3 Nf6 25. Bg5 Nxe4 26. Nf4 Qd6 27. Nxg6 Qxg6 28.
Rf6 Qxg5 29. Qxe4+ Kd8 30. Rf5 Qg6 31. Re1 Kc8 32. c4 Rg8 33. c5 Ba5 34. Re2 b5
35. Qf3 Kb7 36. Rf6 Qb1+ 37. Kf2 Rad8 38. a3 Rd5 39. Rxf7 Rdg5 40. g4 hxg3+ 41.
Kg2 Qd1 42. b4 Qxd4 43. bxa5 Qxc5 44. h4 R5g7 45. Rf5 Qd4 46. Rc2 Rg6 47. Rf4
Qd5 48. Qxd5 cxd5 49. h5 Rg4 50. Rf7 Rc4 51. Rd2 Rh4 52. Kf3 g2 53. Rxg2 Rxg2
54. Kxg2 Rxh5 55. Kg3 Re5 56. Kf4 Re4+ 57. Kf5 Re3 58. Kf4 Rxa3 59. Ke5 Rxa5 60.
Kxd5 Ra1 0-1

[Event "14th Asrian Memorial 2024"]
[Site "Yerevan ARM"]
[Date "2024.04.27"]
[Round "4.6"]
[White "Korshunov, Sergey And."]
[Black "Pogosyan, Stefan"]
[Result "0-1"]
[BlackTitle "IM"]
[WhiteElo "2286"]
[BlackElo "2387"]
[WhiteFideId "34274715"]
[BlackFideId "34159867"]
[EventDate "2024.04.24"]

1. e4 c5 2. Nf3 Nc6 3. Nc3 e6 4. d4 cxd4 5. Nxd4 Qc7 6. g3 a6 7. Bg2 Nf6 8. O-O
Nxd4 9. Qxd4 Bc5 10. Bf4 d6 11. Qd2 h6 12. Rad1 e5 13. Be3 Be6 14. Bxc5 dxc5 15.
Nd5 Bxd5 16. exd5 Qd6 17. f4 exf4 18. Rfe1+ Kd8 19. Qa5+ b6 20. Qa4 Re8 21. Rf1
fxg3 22. Qc6 Qxc6 23. dxc6+ Kc8 24. hxg3 Ra7 25. a4 Rae7 26. a5 b5 27. Bf3 Rd8
28. Rde1 Rxe1 29. Rxe1 Re8 30. Rd1 Kc7 31. c3 c4 32. Kf2 h5 33. Rd2 Re7 34. Rd4
g6 35. Kf1 Ne8 36. g4 hxg4 37. Rxg4 Nd6 38. Rh4 Re8 39. Rh7 Rf8 40. Kf2 Nc8 41.
Rh4 Ne7 42. Rf4 g5 43. Rg4 Rg8 44. Rd4 Rd8 45. Rg4 f6 46. Re4 Nxc6 47. Re6 Rd6
48. Re8 Nxa5 0-1

[Event "14th Asrian Memorial 2024"]
[Site "Yerevan ARM"]
[Date "2024.04.27"]
[Round "4.7"]
[White "Hakobyan, Erik"]
[Black "Hovakimyan, Vache"]
[Result "1-0"]
[WhiteTitle "FM"]
[WhiteElo "2383"]
[BlackElo "2202"]
[WhiteFideId "13313940"]
[BlackFideId "13317288"]
[EventDate "2024.04.24"]

1. e4 e5 2. Nf3 Nc6 3. Bb5 a6 4. Ba4 Nf6 5. O-O Be7 6. d3 b5 7. Bb3 d6 8. Bd2
O-O 9. h3 a5 10. a4 b4 11. Re1 Be6 12. Bxe6 fxe6 13. Be3 Qe8 14. Nbd2 Nh5 15. c3
Rb8 16. d4 bxc3 17. bxc3 exd4 18. cxd4 Nf4 19. Bxf4 Rxf4 20. Rc1 Bd8 21. Nc4 Qg6
22. Ncd2 Nb4 23. Re3 c6 24. Qe2 Bc7 25. Ne1 Bb6 26. Rf3 Rxf3 27. Ndxf3 c5 28.
dxc5 Bxc5 29. e5 Nd5 30. Nd3 Ba3 31. Rc6 Rb3 32. exd6 h6 33. d7 Be7 34. Nfe5 Qf6
35. Rc8+ Kh7 36. Qe4+ g6 37. d8=R Bxd8 38. Rxd8 1-0

[Event "14th Asrian Memorial 2024"]
[Site "Yerevan ARM"]
[Date "2024.04.27"]
[Round "4.8"]
[White "Nigalidze, Gaioz"]
[Black "Kaganskiy, Gleb"]
[Result "1/2-1/2"]
[WhiteTitle "IM"]
[BlackTitle "FM"]
[WhiteElo "2373"]
[BlackElo "2160"]
[WhiteFideId "13603078"]
[BlackFideId "4132025"]
[EventDate "2024.04.24"]

1. d4 d5 2. c4 e6 3. cxd5 exd5 4. Nc3 c6 5. Nf3 Bf5 6. g3 Nf6 7. Bg2 Bd6 8. O-O
O-O 9. Bf4 Re8 10. Rc1 Ne4 11. Bxd6 Nxd6 12. Ne5 Nd7 13. Nf3 h6 14. e3 Qf6 15.
Nh4 Be6 16. a4 a5 17. Re1 g5 18. Nf3 Bg4 19. h3 Bh5 20. g4 Bg6 21. Nd2 Qh8 22.
Nf1 h5 23. b3 Nf6 24. f3 Re7 25. Qd2 Qh6 26. Qf2 Rae8 27. Ng3 hxg4 28. hxg4 Qh4
29. Nf1 Qh7 30. Nd1 Nd7 31. Nc3 Nf6 32. Ng3 Nde4 33. Ncxe4 dxe4 34. Rc5 exf3 35.
Bxf3 Qh4 36. Nf5 Bxf5 37. Qxh4 gxh4 38. Rxf5 Kg7 39. Rg5+ Kf8 40. Kf2 Ne4+ 41.
Bxe4 Rxe4 42. Re2 f6 43. Rxa5 Rxg4 44. Rh5 Kg7 45. Kf3 Ree4 46. Rh2 Kg6 47. Rh8
Kf5 48. Rh3 Rg1 49. Rh5+ Kg6 50. R5xh4 Rxh4 51. Rxh4 Rb1 52. d5 Rxb3 53. dxc6
bxc6 54. Rc4 Ra3 55. Ke4 Kf7 56. Kd4 Ke7 57. Kc5 Rxe3 58. Kxc6 Ra3 59. Kb6 Rb3+
60. Kc6 Ra3 61. Kb6 Rb3+ 62. Kc6 1/2-1/2

[Event "14th Asrian Memorial 2024"]
[Site "Yerevan ARM"]
[Date "2024.04.28"]
[Round "5.2"]
[White "Davtyan, Artur"]
[Black "Ohanyan, Emin"]
[Result "0-1"]
[WhiteTitle "IM"]
[BlackTitle "GM"]
[WhiteElo "2474"]
[BlackElo "2488"]
[WhiteFideId "13308327"]
[BlackFideId "13312022"]
[EventDate "2024.04.24"]

1. Nf3 d5 2. c4 e6 3. e3 Nf6 4. b3 c5 5. Bb2 Nc6 6. cxd5 exd5 7. Be2 a6 8. d4
Bd6 9. O-O O-O 10. dxc5 Bxc5 11. Nc3 Ba7 12. Rc1 Be6 13. Na4 Rc8 14. Ne5 Nxe5
15. Bxe5 Ne4 16. Rxc8 Qxc8 17. Qa1 Qc2 18. Bf3 b5 19. Nc3 Nd2 20. Bd1 Qf5 21.
Bxg7 Nxf1 22. Bxf8 Kxf8 23. Kxf1 Bxe3 24. Bf3 Bd4 25. Qc1 Bxc3 26. Qxc3 Qb1+ 27.
Qe1 Qxa2 28. Qb4+ Ke8 29. g4 Kd7 30. Kg2 Qc2 31. Qa3 Qc6 32. Qb2 b4 33. Qa1 Qc3
34. Qxa6 Qxb3 35. Qb7+ Kd6 36. Qb8+ Kc5 37. Qa7+ Kc4 38. Be2+ Kc3 39. Qe3+ Kb2
40. Qd2+ Ka3 41. Bd3 Qc3 0-1

[Event "14th Asrian Memorial 2024"]
[Site "Yerevan ARM"]
[Date "2024.04.28"]
[Round "5.3"]
[White "Hayrapetyan, Hovik"]
[Black "Danielyan, Vahe"]
[Result "1-0"]
[WhiteTitle "GM"]
[BlackTitle "IM"]
[WhiteElo "2432"]
[BlackElo "2331"]
[WhiteFideId "13302639"]
[BlackFideId "13304828"]
[EventDate "2024.04.24"]

1. d4 Nf6 2. c4 g6 3. Nc3 Bg7 4. Nf3 O-O 5. g3 c6 6. Bg2 d6 7. O-O Bf5 8. Qb3
Qb6 9. Re1 Na6 10. e4 Bg4 11. Be3 Qxb3 12. axb3 Nd7 13. h3 Bxf3 14. Bxf3 c5 15.
e5 cxd4 16. Bxd4 Nb4 17. Bxb7 Rab8 18. Be4 Nxe5 19. Bxa7 f5 20. Bxb8 fxe4 21.
Ba7 Nc2 22. Rec1 Nxa1 23. Rxa1 Ra8 24. Nb5 Nf3+ 25. Kg2 Bxb2 26. Ra4 Bf6 27. Nc7
Rc8 28. Nd5 Nd2 29. Bd4 Rb8 30. Bxf6 exf6 31. Ra7 Rxb3 32. Nxf6+ Kf8 33. Nxh7+
Kg8 34. Nf6+ Kf8 35. c5 dxc5 36. Nd7+ Ke8 37. Nxc5 Rb2 38. Ra3 Rc2 39. Na4 Ke7
40. Re3 Kf6 41. Re2 Kf5 42. Nb6 Nf3 43. Rxc2 Ne1+ 44. Kf1 Nxc2 45. Ke2 Nd4+ 46.
Ke3 Nc2+ 47. Kd2 Na3 48. Kc3 Nb5+ 49. Kc4 Na3+ 50. Kd5 Nc2 51. Nc4 Nb4+ 52. Kd4
Nc2+ 53. Kc3 Ne1 54. Kd2 Nd3 55. Ke3 Nc5 56. h4 Ke6 57. Kd4 Nd3 58. f3 Nf2 59.
fxe4 Nh1 60. g4 Nf2 61. g5 Ng4 62. Ne3 Ne5 63. Ng2 Nf3+ 64. Ke3 Ne5 65. Nf4+ Kd6
66. Nd3 Nc4+ 67. Kd4 Nd2 68. Ne5 Nb3+ 69. Kc3 Nc5 70. Nxg6 Nxe4+ 71. Kd4 Ng3 72.
Ke3 Ke6 73. Kf4 Ne2+ 74. Kg4 Kf7 75. Ne5+ Kg7 76. h5 Nd4 77. h6+ Kg8 78. g6 Ne6
79. Nd7 1-0

[Event "14th Asrian Memorial 2024"]
[Site "Yerevan ARM"]
[Date "2024.04.28"]
[Round "5.4"]
[White "Davtyan, Arsen"]
[Black "Shahinyan, David"]
[Result "1/2-1/2"]
[WhiteTitle "IM"]
[BlackTitle "IM"]
[WhiteElo "2421"]
[BlackElo "2441"]
[WhiteFideId "13309315"]
[BlackFideId "13304380"]
[EventDate "2024.04.24"]

1. e4 d6 2. d4 Nf6 3. Nc3 e5 4. Nf3 Nbd7 5. Bc4 Be7 6. O-O O-O 7. a4 c6 8. Re1
h6 9. h3 Re8 10. Ba2 exd4 11. Nxd4 Bf8 12. Kh1 d5 13. exd5 Rxe1+ 14. Qxe1 Nb6
15. Bf4 Nfxd5 16. Be5 Qg5 17. Rd1 Nxc3 18. bxc3 Nxa4 19. f4 Qh5 20. Ne2 Nb6 21.
Rd3 Bf5 22. Re3 Nd5 23. Ng3 Qg6 24. Nxf5 Qxf5 25. Rf3 Re8 26. Qd2 Qe4 27. Rg3 b5
28. Qd1 Re6 29. Rd3 Rg6 30. Bxd5 cxd5 31. Qd2 Bc5 32. Rxd5 Bb6 33. Rxb5 Re6 34.
Rb1 Re8 35. Re1 Qc6 36. Rd1 Rd8 37. Bd4 Qe4 38. Qf2 a5 39. Qh4 Qg6 40. Rb1 Bc7
41. Rb7 Qxc2 42. Rxc7 Rxd4 43. Kh2 Rd2 44. Qg4 a4 45. f5 Rf2 46. Ra7 Qxc3 47.
Qe4 Qf6 48. Rxa4 Rxf5 49. Ra8+ Kh7 50. Ra5 g6 51. Rxf5 gxf5 52. Qd5 Qe6 53. Qd4
Kg6 54. Qf4 Qe4 55. Qd6+ Kg7 56. Qg3+ Kf6 57. Qd6+ Qe6 58. Qd8+ Kg7 59. Qd4+ Kg6
60. Qf4 Qe1 61. Qd6+ Kh7 62. Qc7 Qe6 63. Qb8 f6 64. Qa7+ Kg6 65. Qf2 Qe5+ 66.
Kh1 f4 67. Qf3 h5 68. Kh2 Kg5 69. Kh1 Qe3 70. Qd5+ Kh4 71. Kh2 Qg3+ 72. Kh1 Qe1+
73. Kh2 Qe3 74. Qc6 Kg5 75. Qd5+ Qe5 76. Qf3 f5 77. Kh1 Qe1+ 78. Kh2 Qe5 79. Kg1
Qe3+ 80. Kf1 Qc1+ 81. Kf2 Qd2+ 82. Kg1 Qe1+ 83. Kh2 Qe5 84. Kh1 Qe3 85. Qb7 Qe1+
86. Kh2 Qg3+ 87. Kh1 Qe1+ 88. Kh2 Qe5 89. Qf3 Qd4 90. Qb7 Qd6 91. Qf3 h4 92. Kg1
Qd4+ 93. Kh2 Qe5 94. Kg1 Qe1+ 95. Kh2 Qe5 96. Kh1 Qe4 97. Kg1 Qe3+ 98. Kf1 Qc1+
99. Kf2 Qc5+ 100. Kf1 Qc4+ 101. Kg1 Kf6 102. Qh5 Qd4+ 103. Kh2 Qf2 104. Qh8+ Ke6
105. Qc8+ Ke5 1/2-1/2

[Event "14th Asrian Memorial 2024"]
[Site "Yerevan ARM"]
[Date "2024.04.28"]
[Round "5.6"]
[White "Sahakyan, Aleks"]
[Black "Hakobyan, Erik"]
[Result "1/2-1/2"]
[WhiteTitle "FM"]
[BlackTitle "FM"]
[WhiteElo "2339"]
[BlackElo "2383"]
[WhiteFideId "13316338"]
[BlackFideId "13313940"]
[EventDate "2024.04.24"]

1. d4 d5 2. Nf3 Nf6 3. c4 dxc4 4. e3 e6 5. Bxc4 c5 6. O-O Nc6 7. Nc3 a6 8. dxc5
Bxc5 9. Qxd8+ Kxd8 10. b3 Ke7 11. Na4 Bd6 12. Nb6 Rb8 13. Bb2 Bc5 14. Nxc8+
Rbxc8 15. Rac1 Bd6 16. Rfd1 Rhd8 17. Bd3 h6 18. Kf1 Rc7 19. Ke2 Rdc8 20. Bb1 Nd5
21. g3 f6 22. Rc2 Nd8 23. Rdc1 Rxc2+ 24. Rxc2 Rxc2+ 25. Bxc2 Nc6 26. h4 Bb4 27.
a3 Bc3 28. Bc1 f5 29. e4 fxe4 30. Bxe4 Nd4+ 31. Nxd4 Bxd4 32. Kd3 Bxf2 33. Bb2
Bxg3 34. Bxg7 h5 35. Bh6 Bxh4 36. Bf3 Bg3 37. Bg5+ Kd7 38. Bxh5 Bf4 39. Bh4 Bd6
40. Bf3 Bxa3 41. Kd4 Bb2+ 42. Kc4 b5+ 43. Kc5 Ba3+ 44. Kd4 Kd6 45. Bg3+ Kc6 46.
Ke5 Kd7 47. Kd4 Bd6 48. Be1 Ne7 49. Bb7 Kc7 50. Bg2 Kb6 51. Bh3 e5+ 52. Ke4 Nc6
53. Kd5 Kc7 54. Bg4 a5 55. Be2 Ne7+ 56. Ke4 Kb6 57. Bf2+ Bc5 58. Bh4 Nc6 59. Bd1
Bd4 60. Kd5 Kc7 61. Be1 Kb7 62. Bd2 Kb6 63. Be1 Ne7+ 64. Ke4 Ng6 65. Bd2 Nf8 66.
Kd5 Nd7 67. Bg5 Kc7 68. Ke6 Nc5+ 69. Kd5 a4 70. bxa4 Nxa4 71. Bc2 Nb6+ 72. Ke6
Kc6 73. Be7 Nc4 74. Be4+ Kb6 75. Bd8+ Ka6 76. Bd3 Bb6 77. Bf6 Bc7 78. Kd5 Nb2
79. Bxb5+ Kxb5 80. Bxe5 Bxe5 81. Kxe5 1/2-1/2

[Event "14th Asrian Memorial 2024"]
[Site "Yerevan ARM"]
[Date "2024.04.28"]
[Round "5.7"]
[White "Chaqryan, Erik"]
[Black "Hayrapetyan, Edgar"]
[Result "0-1"]
[WhiteTitle "FM"]
[BlackTitle "FM"]
[WhiteElo "2326"]
[BlackElo "2340"]
[WhiteFideId "13312340"]
[BlackFideId "13313568"]
[EventDate "2024.04.24"]

1. c4 e5 2. g3 c6 3. Nf3 e4 4. Nd4 d5 5. cxd5 Qxd5 6. Nc2 Nf6 7. Nc3 Qe5 8. Bg2
Na6 9. O-O Be7 10. d3 exd3 11. Qxd3 O-O 12. e4 Qh5 13. f3 Nc5 14. Qe2 b6 15. g4
Qh4 16. Rd1 h5 17. g5 Nh7 18. f4 Ne6 19. Rf1 Bc5+ 20. Kh1 a5 21. Be3 Ba6 22. Qf2
Qxf2 23. Rxf2 Rfd8 24. Bxc5 Nxc5 25. Ne1 Nf8 26. e5 Rac8 27. Kg1 Ng6 28. Ne4 Rd4
29. Nxc5 bxc5 30. f5 Nxe5 31. Nf3 Nxf3+ 32. Bxf3 h4 33. Rc1 c4 34. Re1 Rb8 35.
h3 Rf4 36. Re5 a4 37. g6 a3 38. bxa3 c3 39. Rc5 Rc4 40. Rxc4 Bxc4 41. Rc2 Rb1+
42. Kf2 Rb2 43. Be4 fxg6 44. fxg6 Bxa2 45. a4 Bb3 46. Rxb2 cxb2 47. a5 Bd5 48.
Bb1 c5 49. a6 Kf8 50. Ke3 Ke7 51. Kf4 Kd6 52. a7 Bg2 0-1

[Event "14th Asrian Memorial 2024"]
[Site "Yerevan ARM"]
[Date "2024.04.28"]
[Round "5.8"]
[White "Sanikidze, Tornike"]
[Black "Sukiasyan, Vahe A."]
[Result "1/2-1/2"]
[WhiteTitle "GM"]
[WhiteElo "2453"]
[BlackElo "2258"]
[WhiteFideId "13602608"]
[BlackFideId "13317245"]
[EventDate "2024.04.24"]

1. d4 Nf6 2. c4 e6 3. Nf3 b6 4. a3 Ba6 5. Qb3 Bb7 6. Nc3 d5 7. cxd5 Nxd5 8. Qa4+
Qd7 9. Qc2 Nxc3 10. bxc3 Be7 11. e4 O-O 12. Bd3 c5 13. O-O h6 14. Rd1 Qc7 15.
Qe2 Nd7 16. a4 Rfd8 17. h3 Rac8 18. Bd2 Bf6 19. Be3 Nb8 20. Rac1 Qc6 21. Nh2
cxd4 22. cxd4 Qxa4 23. Ra1 Qc6 24. Rxa7 Bxd4 25. Rc1 Qd7 26. Rxc8 Qxc8 27. Nf3
Nc6 28. Bxd4 Nxd4 29. Nxd4 Rxd4 30. Qe3 e5 31. Qg3 Bxe4 32. Bxe4 Rxe4 33. Kh2
Rf4 34. Re7 Qf5 35. f3 Kh7 36. Qe1 e4 37. fxe4 Qf6 38. Qb4 Qg6 39. Qd4 Rf6 40.
Rb7 Rd6 41. Qe5 Rd2 42. Qg3 Qf6 43. e5 Qe6 44. Qf4 Rd7 45. Rxb6 Qxb6 46. Qf5+
Qg6 1/2-1/2

[Event "14th Asrian Memorial 2024"]
[Site "Yerevan ARM"]
[Date "2024.04.29"]
[Round "6.1"]
[White "Ohanyan, Emin"]
[Black "Petrosyan, Manuel"]
[Result "1/2-1/2"]
[WhiteTitle "GM"]
[BlackTitle "GM"]
[WhiteElo "2488"]
[BlackElo "2616"]
[WhiteFideId "13312022"]
[BlackFideId "13300857"]
[EventDate "2024.04.24"]

1. Nf3 d5 2. d4 Nf6 3. c4 e6 4. Nc3 Bb4 5. Bg5 h6 6. Bxf6 Qxf6 7. e3 O-O 8. Rc1
dxc4 9. Bxc4 c5 10. O-O cxd4 11. Ne4 Qe7 12. a3 Ba5 13. exd4 Rd8 14. Rc2 Nd7 15.
d5 exd5 16. Qxd5 Nb6 17. Qxa5 Qxe4 18. Bb3 Be6 19. Re1 Rd1 20. Rc8+ Rxc8 21.
Bxd1 Qc6 22. Nd4 Qd5 23. Qxd5 Bxd5 24. Bg4 Rd8 25. Rd1 Be4 26. Nb5 Rxd1+ 27.
Bxd1 Kf8 28. Nxa7 1/2-1/2

[Event "14th Asrian Memorial 2024"]
[Site "Yerevan ARM"]
[Date "2024.04.29"]
[Round "6.2"]
[White "Davtyan, Arsen"]
[Black "Hayrapetyan, Hovik"]
[Result "1/2-1/2"]
[WhiteTitle "IM"]
[BlackTitle "GM"]
[WhiteElo "2421"]
[BlackElo "2432"]
[WhiteFideId "13309315"]
[BlackFideId "13302639"]
[EventDate "2024.04.24"]

1. e4 c5 2. Nf3 d6 3. Bb5+ Nd7 4. d4 cxd4 5. Qxd4 a6 6. Be2 Ngf6 7. O-O g6 8.
Nc3 Bg7 9. Rd1 O-O 10. e5 Nh5 11. Qh4 dxe5 12. Ng5 Nhf6 13. Be3 e6 14. Rd6 Qe7
15. Rad1 Re8 16. Qh3 h6 17. Nge4 Nxe4 18. Nxe4 f5 19. Nc5 Nxc5 20. Bxc5 Qc7 21.
Qe3 Kh7 22. Bb6 Qxc2 23. Rc1 Qxb2 24. Rc7 Qb4 25. Rd1 e4 26. a3 Qf8 27. Bc4 Qf6
28. Rd6 Re7 29. Qc5 e3 30. fxe3 f4 31. Rd1 Rxc7 32. Qxc7 e5 33. Rd8 h5 34. exf4
Be6 35. Rxa8 Bxc4 36. Qxc4 Qxb6+ 37. Kf1 exf4 38. Qxf4 Qb1+ 39. Kf2 Qb2+ 40. Kf1
Qb1+ 41. Kf2 Qb2+ 42. Kf1 Qb1+ 1/2-1/2

[Event "14th Asrian Memorial 2024"]
[Site "Yerevan ARM"]
[Date "2024.04.29"]
[Round "6.3"]
[White "Pranesh, M"]
[Black "Hayrapetyan, Edgar"]
[Result "1-0"]
[WhiteTitle "GM"]
[BlackTitle "FM"]
[WhiteElo "2538"]
[BlackElo "2340"]
[WhiteFideId "35028600"]
[BlackFideId "13313568"]
[EventDate "2024.04.24"]

1. e4 c5 2. Nf3 e6 3. d4 cxd4 4. Nxd4 Nf6 5. Nc3 Nc6 6. Nxc6 bxc6 7. e5 Nd5 8.
Ne4 Qc7 9. f4 Rb8 10. a3 Qb6 11. Bd3 Ba6 12. Bxa6 Qxa6 13. Qe2 Qxe2+ 14. Kxe2 f5
15. Nf2 a5 16. Nd3 a4 17. Bd2 Be7 18. c4 Nc7 19. Bb4 Kf7 20. Bd6 Rb7 21. Rhd1
Rd8 22. Bxc7 Rxc7 23. c5 Rb8 24. Rac1 Ra7 25. Rc4 Rb5 26. Rdc1 Raa5 27. Rb4 g5
28. g3 g4 29. Rcc4 h5 30. Kf1 Ke8 31. Kg2 Kd8 32. h4 Kc7 33. Kf1 Ra7 34. Ke2
Raa5 35. Kd2 Rxb4 36. axb4 Ra8 37. Rc3 Kb8 38. Ra3 Ra7 39. Kc3 Kb7 40. Kc4 Ra8
41. Nc1 Bd8 42. Ne2 Ra7 43. Nc3 Ra8 44. Nxa4 Ra7 45. b3 Ra8 46. Ra2 Ra7 47. Rd2
Kc8 48. b5 cxb5+ 49. Kxb5 Rb7+ 50. Nb6+ Kb8 51. b4 1-0